Propuesta de un sistema web para conducción de encuestas electrónicas para el programa de maestría en gestión de tecnología de información y comunicación (MG-TIC
El presente trabajo monográfico tiene como propósito diseñar, desarrollar e implementar un sistema web de encuesta electrónicas que ayude a los administradores del programa MG-TIC recopilar información sobre las expectativas y necesidades de formación postgraduada.
| Main Author: | |
|---|---|
| Other Authors: | |
| Format: | Tesis Section = Libro |
| Language: | Undetermined Spanish |
| Published: |
Managua, Nicaragua
UNI
2018
|
| Subjects: |
| LEADER | 01143nam a2200253Ia 4500 | ||
|---|---|---|---|
| 008 | 240830s9999 xx 000 0 und d | ||
| 040 | |a BIBLIOTECA-RUSB/ Mon 005.1 C794 | ||
| 041 | |a spa | ||
| 082 | |a Mon 005.1 C794 | ||
| 100 | 1 | |a Cordero Jiménez, Cesar Daniel | |
| 245 | 1 | 0 | |a Propuesta de un sistema web para conducción de encuestas electrónicas para el programa de maestría en gestión de tecnología de información y comunicación (MG-TIC |
| 260 | |a Managua, Nicaragua |b UNI |c 2018 | ||
| 300 | |a 92 p. :il. | ||
| 500 | |a Contiene: CD. | ||
| 502 | |a Tesis (Ingeniero en Computación) - UNI, 2018. | ||
| 520 | 3 | |a El presente trabajo monográfico tiene como propósito diseñar, desarrollar e implementar un sistema web de encuesta electrónicas que ayude a los administradores del programa MG-TIC recopilar información sobre las expectativas y necesidades de formación postgraduada. | |
| 650 | 7 | |a SISTEMA WEB – DESARROLLO | |
| 650 | 7 | |b SERVIDOR WEB | |
| 650 | 7 | |c PROCESAMIENTO DE DATOS | |
| 650 | 7 | |d NAVEGADORES WEB | |
| 700 | 1 | |a Tutor: |b Flores Delgadillo, Johnny | |
| 942 | |c BK |2 ddc | ||
| 991 | |a TESIS | ||
| 999 | |c 19671 | ||